000 nam a22 7a 4500
999 _c8696
_d8696
008 180119b ||||| |||| 00| 0 eng d
100 _aBanerjee.C.
_95054
245 _aJunior Science
260 _aNew Delhi
_bBharathi
_c2009